| 000 | 01320 a2200253 4500 | ||
|---|---|---|---|
| 005 | 20080820154716.0 | ||
| 008 | 080820t xxu||||| |||| 00| 0 hin d | ||
| 010 | _aHIN-84008 | ||
| 020 |
_a818031085x _c100.00 |
||
| 035 | _aHN-56354 | ||
| 037 | _aDBAD / PUB | ||
| 040 |
_aDPL _bHN |
||
| 082 | _a820.8 | ||
| 100 | _aभास्कर, जी.मैया | ||
| 245 |
_aआधुनिक साहित्य और प्रयोगवाद / _cजी. भास्कर मैया |
||
| 246 |
_aAadhunika sahitya aur prayogavaad _bby G. Bhaskar Bhaiya |
||
| 260 |
_aइलाहाबाद _bलोकभारती प्रकाशन _c2006 |
||
| 270 |
_aदरबारी बिल्डिंग, महात्मा गांधी मार्ग _bइलाहाबाद _e1 |
||
| 300 |
_a100पृ _c22 सेमी (सजिल्द) |
||
| 650 |
_aहिन्दी साहित्य _xइतिहास एवं समालोचना |
||
| 650 |
_aHindi literature _xHistory and criticism |
||
| 942 |
_adpl _cHN _2ddc _h820.8 _mभास्कर |
||
| 999 |
_c14948 _d14948 |
||